000 00369nam a2200157Ia 4500
003 Ost
005 20260225132556.0
008 260225s9999||||xx |||||||||||||| ||und||
040 _cfsic
041 _afre
082 _a440
100 _aBalint Andras Kovacs
_eAuteur
245 0 _aLes Mondes d'Andrei Tarkovski /
245 0 _cBalint Andras Kovacs
942 _cكتاب
999 _c34460
_d34460